| 000 | 01211cam a22003251i 4500 | ||
|---|---|---|---|
| 001 | 2640303 | ||
| 003 | EG-ScBUE | ||
| 005 | 20240702125524.0 | ||
| 008 | 790416s1965 nyuabc f 001 0 1ng eng d | ||
| 040 |
_aDLC _beng _erda _cDLC _dDLC _dEG-ScBUE |
||
| 043 | _an-us--- | ||
| 082 | 0 | 4 |
_a973.921 _222 _bEIS |
| 100 | 1 |
_aEisenhower, Dwight D. _q(Dwight David), _d1890-1969, _eauthor. _910138 |
|
| 245 | 1 | 4 |
_aThe White House years : _bwaging peace, 1956-1961 / _cDwight D. Eisenhower. |
| 264 | 1 |
_aGarden City, N.Y. : _bDoubleday & Company, INC., _c1965. |
|
| 300 |
_a741 pages : _billustrations, maps, portraits ; _c24 cm |
||
| 336 |
_2rdacontent _atext _btxt |
||
| 337 |
_aunmediated _2rdamedia _bn |
||
| 338 |
_avolume _bnc _2rdacarrier |
||
| 500 | _aIncludes Appendices. | ||
| 500 | _aIncludes index. | ||
| 505 | 0 | _a[1] Mandate for change, 1953-1956.--[2] Waging peace, 1956-1961. | |
| 651 | 7 |
_aUnited States _xPolitics and government _y1953-1961. _2BUEsh _910139 |
|
| 651 | 7 |
_aUnited States _xForeign relations _y1953-1961. _2BUEsh _910140 |
|
| 655 | _vReading book | ||
| 740 | _aMandate for change, 1953-1956. | ||
| 740 | _aWaging peace, 1956-1961. | ||
| 942 |
_2ddc _cBB |
||
| 999 |
_c13079 _d13079 |
||